[Event "RE-2014-0-00144"]
[Site "LSS email"]
[Date "2014.11.19"]
[Round "?"]
[White "Obrien, Glenn"]
[Black "Whiteside, Robert"]
[Result "0-1"]
[WhiteElo "1377"]
[BlackElo "1542"]
[PlyCount "44"]
[EventDate "2014.07.23"]
[EventType "tourn (corr)"]
[EventRounds "6"]
[EventCountry "GER"]
[SourceTitle "Corr 2022"]
[Source "ChessBase"]
[SourceDate "2021.10.24"]
[SourceVersion "1"]
[SourceVersionDate "2021.10.24"]
[SourceQuality "1"]

1. e4 e5 2. Nf3 Nc6 3. Bb5 a6 4. Ba4 d6 5. 0-0 Be7 6. c3 f5 7. Bxc6+ bxc6 8. Qa4 Bd7 9. exf5 Nf6 10. Ng5 0-0 11. Ne6 Bxe6 12. fxe6 Qc8 13. Qxc6 Rb8 14. f4 Rb6 15. Qc4 d5 16. Qe2 exf4 17. Rxf4 Rxe6 18. Qd1 Bd6 19. Rf1 Ng4 20. g3 Nxh2 21. Rxf8+ Qxf8 22. d4 Bxg3 0-1

[Event "OP-2014-0-03548"]
[Site "LSS email"]
[Date "2014.11.08"]
[Round "?"]
[White "Lipsits, Sasha"]
[Black "Whiteside, Robert"]
[Result "1-0"]
[WhiteElo "1468"]
[BlackElo "1392"]
[PlyCount "75"]
[EventDate "2014.11.02"]
[EventType "tourn (corr)"]
[EventRounds "4"]
[EventCountry "GER"]
[SourceTitle "Corr 2015"]
[Source "ChessBase"]
[SourceDate "2015.07.17"]
[SourceVersion "1"]
[SourceVersionDate "2015.07.17"]
[SourceQuality "1"]

1. e4 e6 2. d4 d5 3. Nd2 Nf6 4. e5 Nfd7 5. c3 c5 6. Bd3 Nc6 7. Ne2 Qb6 8. Nf3 cxd4 9. cxd4 Bb4+ 10. Bd2 f6 11. exf6 Nxf6 12. 0-0 0-0 13. Bf4 Be7 14. Qb1 Nb4 15. a4 Nxd3 16. Qxd3 Nh5 17. Be3 Bd7 18. Ne5 Be8 19. Rfc1 Bd6 20. f3 a5 21. Rc2 Qa6 22. Qb3 Rb8 23. Bg5 Nf6 24. Qe3 b5 25. Nc6 Bxc6 26. Qxe6+ Kh8 27. Qxd6 Bb7 28. Bf4 Rbe8 29. Rc7 bxa4 30. Nc3 Nh5 31. Be5 Bc8 32. Qxa6 Bxa6 33. Nxa4 Bc4 34. Nc5 Ra8 35. g4 Nf6 36. Ne6 Ne8 37. Rxc4 dxc4 38. Nxf8 1-0

[Event "RE-2014-0-00144"]
[Site "LSS email"]
[Date "2014.11.01"]
[Round "?"]
[White "Whiteside, Robert"]
[Black "Shim Ng Min, Francis"]
[Result "1-0"]
[WhiteElo "1542"]
[BlackElo "1312"]
[PlyCount "51"]
[EventDate "2014.07.23"]
[EventType "tourn (corr)"]
[EventRounds "6"]
[EventCountry "GER"]
[SourceTitle "Corr 2022"]
[Source "ChessBase"]
[SourceDate "2021.10.24"]
[SourceVersion "1"]
[SourceVersionDate "2021.10.24"]
[SourceQuality "1"]

1. e4 c5 2. Nf3 e6 3. d4 cxd4 4. Nxd4 Nc6 5. c4 Nf6 6. Nc3 Bb4 7. Nxc6 bxc6 8. Bd2 e5 9. Bd3 0-0 10. a3 Be7 11. 0-0 d5 12. exd5 cxd5 13. cxd5 Nxd5 14. Re1 Nxc3 15. Bxc3 f6 16. Qb3+ Kh8 17. Be4 Ba6 18. Bxa8 Qxa8 19. Qe6 Qb7 20. Rad1 Bb5 21. Re3 Rd8 22. Rxd8+ Bxd8 23. h4 h6 24. Rg3 Bb6 25. Bb4 Qe4 26. Qf7 1-0

[Event "RE-2014-0-00143"]
[Site "LSS email"]
[Date "2014.09.30"]
[Round "?"]
[White "Evsin, Igorj"]
[Black "Whiteside, Robert"]
[Result "0-1"]
[WhiteElo "1337"]
[BlackElo "1383"]
[PlyCount "34"]
[EventDate "2014.07.08"]
[EventType "tourn (corr)"]
[EventRounds "6"]
[EventCountry "GER"]
[SourceTitle "Corr 2015"]
[Source "ChessBase"]
[SourceDate "2015.07.17"]
[SourceVersion "1"]
[SourceVersionDate "2015.07.17"]
[SourceQuality "1"]

1. e4 e5 2. f4 exf4 3. Nf3 Be7 4. d4 d5 5. exd5 Bh4+ 6. Kd2 Be7 7. c4 c6 8. dxc6 Nxc6 9. d5 Nh6 10. Ke2 Bf6 11. Ke1 Bh4+ 12. Nxh4 Qxh4+ 13. Kd2 0-0 14. Qe1 Qf6 15. dxc6 Bf5 16. Qf2 Rad8+ 17. Ke1 Ng4 0-1